| 000 | 01065cam a22003498a 4500 | ||
|---|---|---|---|
| 001 | 13556987 | ||
| 003 | OSt | ||
| 005 | 20150408114010.0 | ||
| 008 | 040413s2004 stk b 001 0 eng | ||
| 010 | _a 2004049374 | ||
| 020 | _a0443072868 | ||
| 035 | _a(DNLM)101214071 | ||
| 040 |
_aDNLM/DLC _cDLC |
||
| 042 | _apcc | ||
| 050 | 0 | 0 |
_aRT42 _b.P734 2004 |
| 060 | 1 | 0 |
_aWY 18 _bP8958 2004 |
| 082 | 0 | 0 |
_a610.73 _222 |
| 245 | 0 | 4 |
_aThe practitioner as teacher / _cedited by Sue Hinchliff. |
| 250 | _a3rd ed. | ||
| 260 |
_aEdinburgh ; _aNew York : _bChurchill Livingstone, _c2004. |
||
| 263 | _a0404 | ||
| 300 |
_ap. ; _ccm. |
||
| 504 | _aIncludes bibliographical references and index. | ||
| 650 | 0 | _aNursing. | |
| 650 | 1 | 2 |
_aEducation, Nursing. _910102 |
| 650 | 1 | 2 |
_aTeaching _xmethods _vNurses' Instruction. _910103 |
| 650 | 2 | 2 |
_aLearning _vNurses' Instruction. _910104 |
| 650 | 2 | 2 |
_aNurse Practitioners _vNurses' Instruction. _910105 |
| 700 | 1 |
_aHinchliff, Susan M. _910106 |
|
| 942 |
_2ddc _cBOOK |
||
| 999 |
_c21136 _d255636 |
||